[Event "Niedersachsen-ch op-A"]
[Site "Verden"]
[Date "2014.01.05"]
[Round "7"]
[White "Krater, Ruwen"]
[Black "Goes, Carsten"]
[Result "0-1"]
[WhiteElo "1645"]
[BlackElo "1789"]
[PlyCount "108"]
[EventDate "2014.01.02"]
[EventType "swiss"]
[EventRounds "7"]
[EventCountry "GER"]
[SourceTitle "EXT 2016"]
[Source "ChessBase"]
[SourceDate "2015.10.08"]
[SourceVersion "1"]
[SourceVersionDate "2015.10.08"]
[SourceQuality "1"]

1. e4 c5 2. Nc3 d6 3. Bc4 e6 4. f4 Nc6 5. Nf3 g6 6. 0-0 Bg7 7. d3 Nge7 8. f5 d5 9. fxe6 dxc4 10. exf7+ Kf8 11. Bg5 Be6 12. e5 Nxe5 13. Qe1 Nxf3+ 14. Rxf3 Bf5 15. Nd5 Bd4+ 16. Kh1 Nxd5 17. Bxd8 Rxd8 18. g4 Bxg4 19. Rf1 Bf5 20. Qh4 Bf6 21. Qxc4 b6 22. Rae1 Kxf7 23. Rf4 Kg7 24. Rg1 Nxf4 25. Qxf4 Bc8 26. Re1 Bb7+ 27. Re4 Bxe4+ 28. dxe4 Rhe8 29. Qc7+ Kg8 30. Qc6 Kf7 31. Qc7+ Kg8 32. Qc6 Kf7 33. Qc7+ Kg8 34. Qc6 Rf8 35. Qe6+ Kh8 36. Kg2 Rd2+ 37. Kg3 Bd4 38. c3 Rd3+ 39. Kg4 h5+ 40. Kg5 Bg7 41. Qxg6 Rd2 42. Qxh5+ Kg8 43. Qg4 Rdf2 44. Qe6+ R8f7 45. h3 Rg2+ 46. Kh5 Bf8 47. c4 Be7 48. h4 Kg7 49. Qh6+ Kg8 50. Qe6 Rgg7 51. Qc8+ Bf8 52. Qe6 Kh8 53. Qe5 Be7 54. Qb8+ Kh7 0-1

[Event "Niedersachsen-ch op-A"]
[Site "Verden"]
[Date "2014.01.03"]
[Round "4"]
[White "Krater, Ruwen"]
[Black "Zotin, Alexander"]
[Result "1-0"]
[WhiteElo "1645"]
[BlackElo "1723"]
[PlyCount "65"]
[EventDate "2014.01.02"]
[EventType "swiss"]
[EventRounds "7"]
[EventCountry "GER"]
[SourceTitle "EXT 2016"]
[Source "ChessBase"]
[SourceDate "2015.10.08"]
[SourceVersion "1"]
[SourceVersionDate "2015.10.08"]
[SourceQuality "1"]

1. e4 e5 2. f4 exf4 3. Nf3 d6 4. Bc4 h6 5. d4 Bg4 6. 0-0 Nc6 7. Bxf4 Be7 8. Nc3 Na5 9. Bxf7+ Kxf7 10. Ne5+ dxe5 11. Bxe5+ Nf6 12. Qxg4 Nc4 13. Bxf6 gxf6 14. Nd5 c6 15. Qh5+ Kg7 16. Nxe7 Qxe7 17. e5 Nxe5 18. dxe5 Qc5+ 19. Kh1 Qxe5 20. Qg4+ Kf7 21. Rae1 Qd5 22. Qf4 Qg5 23. Qc7+ Kg6 24. Qxb7 Rab8 25. Qxc6 Rhg8 26. Rxf6+ Qxf6 27. Re6 Qxe6 28. Qxe6+ Kg5 29. Qe5+ Kg6 30. h4 Rge8 31. h5+ Kh7 32. Qf5+ Kg7 33. Qg6+ 1-0

[Event "Niedersachsen-ch op-A"]
[Site "Verden"]
[Date "2014.01.02"]
[Round "2"]
[White "Sommer, Andreas"]
[Black "Krater, Ruwen"]
[Result "1-0"]
[WhiteElo "1809"]
[BlackElo "1645"]
[PlyCount "91"]
[EventDate "2014.01.02"]
[EventType "swiss"]
[EventRounds "7"]
[EventCountry "GER"]
[SourceTitle "EXT 2016"]
[Source "ChessBase"]
[SourceDate "2015.10.08"]
[SourceVersion "1"]
[SourceVersionDate "2015.10.08"]
[SourceQuality "1"]

1. d4 Nf6 2. c4 g6 3. Nc3 d5 4. cxd5 Nxd5 5. e4 Nxc3 6. bxc3 Bg7 7. Nf3 0-0 8. Be2 c5 9. 0-0 Nc6 10. Bb2 Bg4 11. e5 Qc7 12. Qc2 Rac8 13. Rac1 Bh6 14. Rcd1 Bxf3 15. Bxf3 cxd4 16. Bg4 e6 17. cxd4 Rfd8 18. d5 exd5 19. Bxc8 Qxc8 20. Rfe1 Qe6 21. Qc3 d4 22. Qb3 Qxb3 23. axb3 Bf4 24. e6 fxe6 25. g3 Bc7 26. Rxe6 Kf7 27. Re4 Be5 28. Rde1 Bc7 29. Bc1 Ba5 30. Rd1 Bb4 31. Bd2 Bc5 32. b4 Bb6 33. b5 Ne7 34. Bg5 Rd7 35. Bxe7 Rxe7 36. Rxe7+ Kxe7 37. Kf1 Ke6 38. Ke2 Kd5 39. Kd3 Kc5 40. Rb1 Ba5 41. g4 Kd5 42. Ra1 Bb6 43. Re1 Bc7 44. h4 h6 45. Re7 Bd8 46. Rd7+ 1-0

[Event "GER Liga Q Server-19 email"]
[Site "GER email"]
[Date "2013.01.10"]
[Round "?"]
[White "Harf, Heinz"]
[Black "Krater, Ruwen"]
[Result "0-1"]
[WhiteElo "1982"]
[BlackElo "1807"]
[PlyCount "94"]
[EventDate "2013.01.28"]
[EventType "tourn (corr)"]
[EventRounds "6"]
[EventCountry "GER"]
[SourceTitle "Corr 2015"]
[Source "ChessBase"]
[SourceDate "2015.07.17"]
[SourceVersion "1"]
[SourceVersionDate "2015.07.17"]
[SourceQuality "1"]

1. d4 Nf6 2. c4 g6 3. f3 d5 4. cxd5 Nxd5 5. e4 Nb6 6. Nc3 Bg7 7. Be3 0-0 8. Qd2 Nc6 9. 0-0-0 f5 10. e5 Nb4 11. h4 Be6 12. a3 N4d5 13. h5 Nxe3 14. Qxe3 Nd5 15. Nxd5 Qxd5 16. Bd3 c5 17. Qg5 Qxd4 18. f4 Qe3+ 19. Kb1 h6 20. Qxg6 Bf7 21. Rh3 Qxh3 22. Nxh3 Bxg6 23. hxg6 Rfd8 24. Bc4+ Kf8 25. Rc1 Rd2 26. Be6 b6 27. Bxf5 Rad8 28. Be4 R8d4 29. Bf3 e6 30. Rc2 Rxc2 31. Kxc2 Ke8 32. g3 Kd7 33. Nf2 Ke7 34. Nd3 Kd7 35. Kc3 Bf8 36. Nb4 Ke8 37. Nc6 Rd7 38. Bh5 Bg7 39. Bf3 Bf8 40. Kc4 b5+ 41. Kxb5 Rb7+ 42. Ka6 Rxb2 43. Nxa7 Kd7 44. a4 c4 45. Bc6+ Kc7 46. Be4 Rb6+ 47. Ka5 Bb4# 0-1

[Event "GER Liga Q Server-19 email"]
[Site "GER email"]
[Date "2013.01.10"]
[Round "?"]
[White "Krater, Ruwen"]
[Black "Werner, Guenter"]
[Result "1-0"]
[WhiteElo "1807"]
[BlackElo "1628"]
[PlyCount "65"]
[EventDate "2013.01.28"]
[EventType "tourn (corr)"]
[EventRounds "6"]
[EventCountry "GER"]
[SourceTitle "Corr 2015"]
[Source "ChessBase"]
[SourceDate "2015.07.17"]
[SourceVersion "1"]
[SourceVersionDate "2015.07.17"]
[SourceQuality "1"]

1. e4 c6 2. d4 d5 3. exd5 cxd5 4. c4 Nf6 5. Nc3 e6 6. Bg5 Nc6 7. Nf3 Be7 8. c5 0-0 9. Bb5 Ne4 10. Bxe7 Nxe7 11. Rc1 Qa5 12. Qb3 Qc7 13. 0-0 Ng6 14. Bd3 Qc6 15. Qc2 f5 16. b4 a6 17. Na4 Nf4 18. Ne5 Qc7 19. Nb6 Ra7 20. a4 Nxd3 21. Qxd3 a5 22. b5 Qe7 23. f3 Ng5 24. c6 Qc7 25. Nbd7 Bxd7 26. Nxd7 Raa8 27. Nxf8 Rxf8 28. cxb7 Qxb7 29. Rc6 Nf7 30. Rfc1 Nd8 31. Rc7 Qb6 32. Qc3 e5 33. Qc5 1-0

[Event "Niedersachsen-ch op-C"]
[Site "Verden"]
[Date "2013.01.04"]
[Round "3"]
[White "Krater, Ruwen"]
[Black "Hoppe, Michael"]
[Result "0-1"]
[WhiteElo "1630"]
[BlackElo "1519"]
[PlyCount "99"]
[EventDate "2013.01.03"]
[EventType "swiss"]
[EventRounds "7"]
[EventCountry "GER"]
[SourceTitle "EXT 2021"]
[Source "ChessBase"]
[SourceDate "2020.10.23"]
[SourceVersion "1"]
[SourceVersionDate "2020.10.23"]
[SourceQuality "1"]

1. e4 Nc6 2. d4 d5 3. e5 Bf5 4. Bd3 Nxd4 5. Bxf5 Nxf5 6. Qd3 e6 7. Qb5+ c6 8. Qxb7 Nge7 9. Nf3 Qb8 10. Qxb8+ Rxb8 11. c3 Ng6 12. g4 Nfh4 13. Nxh4 Nxh4 14. f4 Bc5 15. Nd2 Ng2+ 16. Kd1 Ne3+ 17. Ke2 Nxg4 18. Nb3 Bb6 19. Nd4 Bxd4 20. cxd4 Nh6 21. b3 Nf5 22. Bb2 Kd7 23. Rac1 Rb6 24. Rc5 Ra6 25. Ra1 Rb8 26. Kd3 Rb5 27. Rxb5 cxb5 28. Bc3 Rc6 29. Bb4 Ne7 30. Bc5 a5 31. a3 Rc8 32. Rg1 Rg8 33. Rg2 h6 34. Bxe7 Kxe7 35. Rc2 Kd7 36. Rc5 Rb8 37. h4 a4 38. b4 f6 39. Ke3 fxe5 40. fxe5 g5 41. hxg5 hxg5 42. Kf3 Rf8+ 43. Kg4 Rf4+ 44. Kxg5 Rxd4 45. Rxb5 Re4 46. Kf6 Rf4+ 47. Kg5 Rf5+ 48. Kg4 Rxe5 49. Kf3 Rf5+ 50. Ke3 0-1

[Event "GER HS-088 email"]
[Site "GER email"]
[Date "2010.12.03"]
[Round "?"]
[White "Krater, Ruwen"]
[Black "Haberecht, Christian"]
[Result "0-1"]
[WhiteElo "1873"]
[BlackElo "1947"]
[PlyCount "38"]
[EventDate "2010.12.10"]
[EventType "tourn (corr)"]
[EventRounds "6"]
[EventCountry "GER"]
[SourceTitle "Corr 2015"]
[Source "ChessBase"]
[SourceDate "2015.07.17"]
[SourceVersion "1"]
[SourceVersionDate "2015.07.17"]
[SourceQuality "1"]
[WhiteTeam "Germany"]
[BlackTeam "Germany"]
[WhiteTeamCountry "GER"]
[BlackTeamCountry "GER"]

1. e4 c6 2. d4 d5 3. exd5 cxd5 4. c4 Nf6 5. Nc3 e6 6. Bg5 Be7 7. Nf3 0-0 8. Bd3 dxc4 9. Bxc4 Nc6 10. 0-0 b6 11. Rc1 Bb7 12. Re1 Rc8 13. Bb3 Nd5 14. Bxe7 Ncxe7 15. Ne5 a6 16. Qg4 Rc7 17. Ne4 f5 18. Qh3 Rxc1 19. Rxc1 Nf4 0-1

[Event "GER HS-088 email"]
[Site "GER email"]
[Date "2010.12.03"]
[Round "?"]
[White "Warzecha, Helmut"]
[Black "Krater, Ruwen"]
[Result "1-0"]
[WhiteElo "1948"]
[BlackElo "1873"]
[PlyCount "39"]
[EventDate "2010.12.10"]
[EventType "tourn (corr)"]
[EventRounds "6"]
[EventCountry "GER"]
[SourceTitle "Corr 2015"]
[Source "ChessBase"]
[SourceDate "2015.07.17"]
[SourceVersion "1"]
[SourceVersionDate "2015.07.17"]
[SourceQuality "1"]
[WhiteTeam "Germany"]
[BlackTeam "Germany"]
[WhiteTeamCountry "GER"]
[BlackTeamCountry "GER"]

1. e4 c5 2. Nf3 d6 3. d4 cxd4 4. Nxd4 Nf6 5. Nc3 a6 6. Bc4 e6 7. Be3 Be7 8. Qe2 0-0 9. Bb3 Qc7 10. 0-0-0 Nc6 11. g4 Na5 12. g5 Nd7 13. Bxe6 Ne5 14. Nd5 Qd8 15. Bxc8 Rxc8 16. Nf5 Nac6 17. f4 Nd7 18. Bd4 Nxd4 19. Ndxe7+ Kh8 20. Rxd4 1-0

[Event "GER T104-C39-S email"]
[Site "GER email"]
[Date "2010.11.29"]
[Round "?"]
[White "Krater, Ruwen"]
[Black "Husemann, Andreas"]
[Result "0-1"]
[WhiteElo "1873"]
[BlackElo "1984"]
[PlyCount "30"]
[EventDate "2010.12.06"]
[EventType "tourn (corr)"]
[EventRounds "6"]
[EventCountry "GER"]
[SourceTitle "Corr 2013"]
[Source "ChessBase"]
[SourceDate "2012.11.12"]
[SourceVersion "1"]
[SourceVersionDate "2012.11.12"]
[SourceQuality "1"]

1. e4 e5 2. f4 exf4 3. Nf3 d6 4. Bc4 h6 5. d4 g5 6. h4 Bg7 7. Nc3 Nc6 8. e5 g4 9. Ng1 dxe5 10. dxe5 Qxd1+ 11. Kxd1 Bxe5 12. Nd5 Be6 13. Bb3 0-0-0 14. c4 b5 15. Ne2 bxc4 0-1

[Event "GER T104-C39-S email"]
[Site "GER email"]
[Date "2010.11.29"]
[Round "?"]
[White "Poppek, Robert"]
[Black "Krater, Ruwen"]
[Result "0-1"]
[WhiteElo "1483"]
[BlackElo "1873"]
[PlyCount "22"]
[EventDate "2010.12.06"]
[EventType "tourn (corr)"]
[EventRounds "6"]
[EventCountry "GER"]
[SourceTitle "Corr 2013"]
[Source "ChessBase"]
[SourceDate "2012.11.12"]
[SourceVersion "1"]
[SourceVersionDate "2012.11.12"]
[SourceQuality "1"]

1. e4 e5 2. f4 exf4 3. Nf3 d5 4. e5 g5 5. d4 g4 6. Ng1 Qh4+ 7. Ke2 f3+ 8. gxf3 gxf3+ 9. Nxf3 Qe4+ 10. Kf2 Be7 11. h4 Bg4 0-1

[Event "GER Liga Q Server-10 email"]
[Site "GER email"]
[Date "2010.11.02"]
[Round "?"]
[White "Krater, Ruwen"]
[Black "Stevens, Michael"]
[Result "0-1"]
[WhiteElo "1873"]
[BlackElo "1414"]
[PlyCount "54"]
[EventDate "2010.11.05"]
[EventType "tourn (corr)"]
[EventRounds "6"]
[EventCountry "GER"]
[SourceTitle "Corr 2013"]
[Source "ChessBase"]
[SourceDate "2012.11.12"]
[SourceVersion "1"]
[SourceVersionDate "2012.11.12"]
[SourceQuality "1"]

1. e4 c6 2. d4 d5 3. exd5 cxd5 4. c4 Nf6 5. Nc3 Nc6 6. Bg5 e6 7. Nf3 Be7 8. c5 0-0 9. Bd3 b6 10. Qa4 Bb7 11. b4 a5 12. b5 Nb4 13. Bb1 bxc5 14. dxc5 Bxc5 15. a3 h6 16. Bh4 g5 17. Nxg5 hxg5 18. Bxg5 Bd4 19. Qb3 Qc7 20. Ne2 Bxa1 21. Bxf6 Bxf6 22. axb4 axb4 23. Qh3 Rfc8 24. 0-0 Kf8 25. Qh7 Qc4 26. Qh6+ Bg7 27. Qg5 Qxe2 0-1

[Event "GER Liga Q Server-10 email"]
[Site "GER email"]
[Date "2010.11.02"]
[Round "?"]
[White "Maly, Wolfgang"]
[Black "Krater, Ruwen"]
[Result "1/2-1/2"]
[WhiteElo "1678"]
[BlackElo "1873"]
[PlyCount "35"]
[EventDate "2010.11.05"]
[EventType "tourn (corr)"]
[EventRounds "6"]
[EventCountry "GER"]
[SourceTitle "Corr 2013"]
[Source "ChessBase"]
[SourceDate "2012.11.12"]
[SourceVersion "1"]
[SourceVersionDate "2012.11.12"]
[SourceQuality "1"]

1. e4 c5 2. Nf3 d6 3. d4 cxd4 4. Nxd4 Nf6 5. Nc3 a6 6. Be2 e5 7. Nb3 Be7 8. 0-0 0-0 9. Be3 Be6 10. f3 Nbd7 11. Qd2 Rc8 12. Rad1 Qc7 13. g4 Nb6 14. Kg2 Nc4 15. Bxc4 Qxc4 16. h3 b5 17. Rf2 Rfd8 18. Qe2 1/2-1/2

[Event "GER S4G4 enginefrei email"]
[Site "GER email"]
[Date "2010.01.27"]
[Round "?"]
[White "Braselmann, Ulrich"]
[Black "Krater, Ruwen"]
[Result "0-1"]
[WhiteElo "1640"]
[BlackElo "1873"]
[PlyCount "42"]
[EventDate "2010.02.01"]
[EventType "tourn (corr)"]
[EventRounds "6"]
[EventCountry "GER"]
[SourceTitle "Corr 2015"]
[Source "ChessBase"]
[SourceDate "2015.07.17"]
[SourceVersion "1"]
[SourceVersionDate "2015.07.17"]
[SourceQuality "1"]

1. Nf3 Nf6 2. c4 g6 3. Nc3 Bg7 4. d4 d6 5. e4 0-0 6. Be2 e5 7. 0-0 Nc6 8. d5 Ne7 9. Bg5 h6 10. Be3 Ng4 11. Bd2 f5 12. h3 Nf6 13. exf5 gxf5 14. Qc1 Kh7 15. Qc2 e4 16. Ne1 Ng6 17. b4 Rf7 18. a4 Qe8 19. Qb3 f4 20. Nc2 Bxh3 21. gxh3 f3 0-1

[Event "GER S4G4 enginefrei email"]
[Site "GER email"]
[Date "2010.01.27"]
[Round "?"]
[White "Krater, Ruwen"]
[Black "Bennewitz, Bernhard"]
[Result "0-1"]
[WhiteElo "1873"]
[BlackElo "1821"]
[PlyCount "68"]
[EventDate "2010.02.01"]
[EventType "tourn (corr)"]
[EventRounds "6"]
[EventCountry "GER"]
[SourceTitle "Corr 2015"]
[Source "ChessBase"]
[SourceDate "2015.07.17"]
[SourceVersion "1"]
[SourceVersionDate "2015.07.17"]
[SourceQuality "1"]

1. e4 e5 2. Nf3 Nc6 3. Bb5 a6 4. Ba4 Nf6 5. 0-0 Be7 6. Re1 b5 7. Bb3 0-0 8. c3 d6 9. h3 Na5 10. Bc2 c5 11. d4 Qc7 12. Nbd2 Bb7 13. a4 cxd4 14. cxd4 Rfc8 15. Bd3 b4 16. Nf1 exd4 17. Nxd4 g6 18. Ng3 Nd7 19. Ndf5 gxf5 20. Nxf5 Ne5 21. Bb1 Qxc1 22. Nxe7+ Kf8 23. Qxc1 Rxc1 24. Rxc1 Kxe7 25. f4 Nec4 26. Bd3 Nxb2 27. Bf1 Bxe4 28. Rc7+ Ke6 29. g4 d5 30. Re1 b3 31. Bg2 Nd3 32. Rxe4+ dxe4 33. Bxe4 Rd8 34. Bf5+ Kf6 0-1

[Event "GER S4G4 enginefrei email"]
[Site "GER email"]
[Date "2010.01.27"]
[Round "?"]
[White "Krater, Ruwen"]
[Black "Maetzig, Ralf"]
[Result "0-1"]
[WhiteElo "1873"]
[BlackElo "1640"]
[PlyCount "38"]
[EventDate "2010.02.01"]
[EventType "tourn (corr)"]
[EventRounds "6"]
[EventCountry "GER"]
[SourceTitle "Corr 2015"]
[Source "ChessBase"]
[SourceDate "2015.07.17"]
[SourceVersion "1"]
[SourceVersionDate "2015.07.17"]
[SourceQuality "1"]

1. e4 e5 2. Nc3 Nc6 3. Bc4 Nf6 4. f4 exf4 5. Nf3 Bb4 6. d4 Nxe4 7. 0-0 Bxc3 8. bxc3 d5 9. Qe1 0-0 10. Bxf4 Re8 11. Bd3 h6 12. Ne5 Nxe5 13. Bxe5 f6 14. Bf4 c6 15. c4 dxc4 16. Bxc4+ Be6 17. Qb4 Qxd4+ 18. Kh1 Bxc4 19. Rf3 Qxa1+ 0-1

[Event "GER HS-041 email"]
[Site "GER email"]
[Date "2008.05.22"]
[Round "?"]
[White "Krater, Ruwen"]
[Black "Erlbeck, Peter"]
[Result "1/2-1/2"]
[WhiteElo "2000"]
[BlackElo "2155"]
[PlyCount "89"]
[EventDate "2008.??.??"]
[EventType "tourn (corr)"]
[EventRounds "6"]
[EventCountry "GER"]
[SourceTitle "Corr 2011"]
[Source "ChessBase"]
[SourceDate "2010.08.31"]
[SourceVersion "1"]
[SourceVersionDate "2010.08.31"]
[SourceQuality "1"]

1. e4 e6 2. d4 d5 3. Nc3 Bb4 4. e5 c5 5. a3 Bxc3+ 6. bxc3 Ne7 7. a4 Qc7 8. Nf3 b6 9. Bb5+ Bd7 10. Bd3 Nbc6 11. 0-0 h6 12. Re1 Na5 13. Qd2 c4 14. Be2 Bc6 15. Ba3 Qd7 16. Nh4 Bxa4 17. Bh5 Nac6 18. Bd6 b5 19. f4 a5 20. Bc5 g6 21. Bg4 Nd8 22. Re3 Nb7 23. Ba3 0-0-0 24. Ree1 Nf5 25. Nxf5 exf5 26. Bf3 g5 27. Bh5 Rdg8 28. Ra2 Rh7 29. g3 Rhg7 30. Rb1 Nd8 31. Kh1 g4 32. Qg2 Qc6 33. Bd6 Re8 34. h3 Nb7 35. Ba3 gxh3 36. Qxh3 Qe6 37. Rg1 Nd8 38. Qh4 Nc6 39. Bc5 Reg8 40. Kh2 Kd7 41. Bd6 Kc8 42. Rg2 Kb7 43. Rb2 Rd8 44. Bc5 Rdg8 45. Rg1 1/2-1/2